00598cem a2200157 4500020003600000041000800036082001600044100002000060245004100080260003500121300003900156490011400195942000700309952010700316999001700423 a9004102388 (cloth : alk. paper) aENG00a911.59bPLU1 aPluvier, Jan M.10aHistorical atlas of South-East Asia  aNew York :bE.J. Brill,c1995. a1 atlas (83, 64 p.) :bcol. maps ;1 aHandbuch der Orientalistik. Dritte Abteilung, Sùˆdòˆstasien,aHandbook of oriental studies. South-East Asia cBK 00104070aHMIbHMIcGENd2023-09-14eNetherlandsl0o911.59 PLUp11-4767r2023-09-14w2023-09-14yBK c23372d23372